| 000 | 01183cam a22003497a 4500 | ||
|---|---|---|---|
| 003 | CHAP | ||
| 005 | 20220329142554.0 | ||
| 008 | 011206d2001 mx r 00110 spa d | ||
| 010 | _a85096 | ||
| 011 | _a86068 | ||
| 035 | _a96606 | ||
| 040 | _cCHAP | ||
| 090 | _aTesis | ||
| 100 | 0 | 0 |
_aHernández Palafox, Lilia. _954439 |
| 245 | 1 | 0 |
_aElaboración de sustratos con cáscara de nuéz pecanera para la producción de Lilium pyrenacum _c/por Lilia Hernández Palafox |
| 260 |
_aChapingo, Méx. : _bEl autor, _c2001. |
||
| 300 | _a86 h. | ||
| 502 | _aTesis (Ing. en Agroecología) --UACH. Departamento de Agroecología | ||
| 590 |
_aALEPH _b10 _c20130110 _lUCH01 _h1444 |
||
| 590 |
_aBATCH-UPD _b10 _c20130110 _lUCH01 _h0546 |
||
| 590 |
_aBATCH-UPD _b10 _c20130410 _lUCH01 _h0227 |
||
| 590 |
_aBATCH-UPD _b10 _c20130914 _lUCH01 _h1610 |
||
| 590 |
_aCONVERSION _b10 _c20130109 _lUCH01 _h1347 |
||
| 650 | 1 | 4 |
_aLilium. _966770 |
| 650 | 1 | 4 |
_aNuez. _982170 |
| 650 | 1 | 4 |
_aSustratos. _9110789 |
| 901 | _aBK | ||
| 905 | _aMayto Villalobos S. | ||
| 942 | _cFOLL | ||
| 949 |
_aTesis _bBC _cTES _d33724000858833 _eTS2 _fc.2 _h38775 _i96606 _si |
||
| 949 |
_aTesis _bBC _cTES _d966061 _eTS1 _h38777 _i96606 _sb |
||
| 999 |
_c85096 _d85096 |
||